Export terminé — 

Khổng Tử truyện

Đã lưu trong:
Sonraí Bibleagrafaíochta
Príomhúdar: Khúc Xuân Lễ
Formáid: Leabhar
Teanga:Undetermined
Foilsithe: Hà Nội VHTT 1997
Ábhair:
Clibeanna: Cuir Clib Leis
Gan Chlibeanna, Bí ar an gcéad duine leis an taifead seo a chlibeáil!
Thư viện lưu trữ: Trung tâm Học liệu Trường Đại học Cần Thơ
LEADER 00496nam a2200169Ia 4500
001 CTU_17088
008 210402s9999 xx 000 0 und d
082 |a 181.112 
082 |b L250/T1 
100 |a Khúc Xuân Lễ 
245 0 |a Khổng Tử truyện 
245 0 |c Khúc Xuân Lễ; Dịch giả: Ông Văn Tùng 
260 |a Hà Nội 
260 |b VHTT 
260 |c 1997 
650 |a confucianism - biography 
980 |a Trung tâm Học liệu Trường Đại học Cần Thơ